Aljaba y Advinge (1951-1955) en la España poética del medio siglo (Record no. 8229)
[ view plain ]
| 000 -LEADER | |
|---|---|
| campo de control de longitud fija | 01247nam a2200337 i 4500 |
| 001 - NÚMERO DE CONTROL | |
| campo de control | 8229 |
| 003 - IDENTIFICADOR DE NÚMERO DE CONTROL | |
| campo de control | ES-MaACL |
| 005 - FECHA Y HORA DE LA ÚLTIMA TRANSACCIÓN | |
| campo de control | 20250514194701.0 |
| 007 - CAMPO FIJO DE DESCRIPCIÓN FÍSICA--INFORMACIÓN GENERAL | |
| campo de control de longitud fija | t| |
| 008 - DATOS DE LONGITUD FIJA--INFORMACIÓN GENERAL | |
| campo de control de longitud fija | 920310s1991 sp ||||1| spa d |
| 020 ## - NÚMERO INTERNACIONAL ESTÁNDAR DEL LIBRO | |
| Número Internacional Estándar del Libro | 84-88183-00-3 |
| 080 ## - NÚMERO DE LA CLASIFICACIÓN DECIMAL UNIVERSAL | |
| Número de la Clasificación Decimal Universal | 86.09-1"19" |
| 080 ## - NÚMERO DE LA CLASIFICACIÓN DECIMAL UNIVERSAL | |
| Número de la Clasificación Decimal Universal | 014.3:05(468.14) |
| 100 1# - ENTRADA PRINCIPAL--NOMBRE DE PERSONA | |
| Nombre de persona | Molina Damiani, Juan Manuel. |
| 9 (RLIN) | 81924 |
| 245 10 - MENCIÓN DEL TÍTULO | |
| Título | Aljaba y Advinge (1951-1955) en la España poética del medio siglo |
| Resto del título | : índices y consideraciones para el estudio de dos revistas giennenses de poesía / |
| Mención de responsabilidad, etc. | Juan Manuel Molina Damiani ; prólogo de Fanny Rubio. |
| 260 ## - PUBLICACIÓN, DISTRIBUCIÓN, ETC. | |
| Lugar de publicación, distribución, etc. | Jaén : |
| Nombre del editor, distribuidor, etc. | Ayuntamiento, Concejalía de Cultura y Turismo, Servicio de Publicaciones, |
| Fecha de publicación, distribución, etc. | 1991. |
| 300 ## - DESCRIPCIÓN FÍSICA | |
| Extensión | 214 p. : |
| Otras características físicas | il. ; |
| Dimensiones | 23 cm. |
| 490 1# - MENCIÓN DE SERIE | |
| Mención de serie | Colección Huellas |
| 500 ## - NOTA GENERAL | |
| Nota general | Indices. |
| 504 ## - NOTA DE BIBLIOGRAFÍA, ETC. | |
| Nota de bibliografía, etc. | Bibliogr.: p. 143-192. |
| 630 07 - PUNTO DE ACCESO ADICIONAL DE MATERIA--TÍTULO UNIFORME | |
| Título uniforme | Aljaba- |
| Subdivisión de forma | Indices. |
| 9 (RLIN) | 118799 |
| 630 07 - PUNTO DE ACCESO ADICIONAL DE MATERIA--TÍTULO UNIFORME | |
| Título uniforme | Advinge- |
| Subdivisión de forma | Indices. |
| 9 (RLIN) | 118673 |
| 650 14 - PUNTO DE ACCESO ADICIONAL DE MATERIA--TÉRMINO DE MATERIA | |
| Término de materia o nombre geográfico como elemento de entrada | Poesía española- |
| Subdivisión cronológica | S.XX- |
| Subdivisión de forma | Bibliografías. |
| 9 (RLIN) | 16178 |
| 700 1# - ENTRADA AGREGADA--NOMBRE PERSONAL | |
| Nombre de persona | Rubio, Fanny, |
| Fechas asociadas al nombre | 1949- |
| 9 (RLIN) | 100343 |
| 710 1# - ENTRADA AGREGADA--NOMBRE DE ENTIDAD CORPORATIVA | |
| Nombre de entidad corporativa o nombre de jurisdicción como elemento de entrada | Jaén. |
| Unidad subordinada | Ayuntamiento. |
| 9 (RLIN) | 5333 |
| 730 0# - ASIENTO SECUNDARIO--TITULO UNIFORME | |
| Título uniforme | Aljaba. |
| 9 (RLIN) | 118798 |
| 730 0# - ASIENTO SECUNDARIO--TITULO UNIFORME | |
| Título uniforme | Advinge. |
| 9 (RLIN) | 118672 |
| 830 0# - PUNTO DE ACCESO ADICIONAL DE SERIE-TÍTULO UNIFORME | |
| Título uniforme | Colección Huellas |
| 9 (RLIN) | 227964 |
| 852 ## - LOCALIZACIÓN | |
| Ubicación | ES-MaACL |
| Número de control de estantería | L-15482 |
| Sublocalización o colección | R.120066 |
| Estatus retirado | Estado de pérdida | Estado de daño | No para préstamo | Biblioteca de origen | Biblioteca actual | Ubicación en estantería | Fecha de adquisición | Fuente de adquisición | Total de préstamos | Signatura topográfica completa | Código de barras | Visto por última vez | Precio de reemplazo | Tipo de ítem Koha |
|---|---|---|---|---|---|---|---|---|---|---|---|---|---|---|
| Biblioteca del Ateneo de Madrid | Biblioteca del Ateneo de Madrid | Depósito 2 | 17/01/2008 | L-15482 | 1008398 | 23/02/2023 | 23/02/2023 | Libro impreso |
